Music Quiz

Random Music or Album Quiz

Songs on Elephant Quiz Stats

 Plays Quiz Updated Apr 2, 2020

Support Sporcle.
Go Orange.
Score 0/14 Timer 04:00
0 Plays Today
Track % Correct
1Seven Nation Army
97%
9The Hardest Button to Button
61.4%
2Black Math
58.3%
8Ball and Biscuit
52.5%
5In the Cold, Cold Night
45.2%
4I Just Don't Know What to Do with Myself
43.7%
10Little Acorns
43.7%
Track % Correct
13Girl, You Have No Faith in Medicine
40.5%
11Hypnotize
38.7%
3There's No Home for You Here
37.9%
6I Want to Be the Boy to Warm Your Mother's Heart
32.3%
14Well It's True That We Love One Another
32.3%
7You've Got Her in Your Pocket
30.2%
12The Air Near My Fingers
28.9%

You're not logged in!

Compare scores with friends on all Sporcle quizzes.
OR
Log In

From the Vault

Multi-Category Minefield Blitz: Movies

by Thebiguglyalien

I love the smell of minefields in the morning.
Remove Ads.
Support Sporcle.
Get the best of Sporcle when you Go Orange. This ad-free experience offers more features, more stats, and more fun while also helping to support Sporcle. Thank you for becoming a member.

Show Comments

Extras

Top Quizzes Today


Score Distribution

Your Account Isn't Verified!

In order to create a playlist on Sporcle, you need to verify the email address you used during registration. Go to your Sporcle Settings to finish the process.

Report this User

Report this user for behavior that violates our Community Guidelines.

Details: